000 00696cab a2200205 4500
001 ABS44308
008 090401t1991 xxu||||| |||| 00| 0 eng d
035 _a(Sirsi) u46499
041 _aeng
100 _aBurton, I.
245 _aLabour pains on planning
260 _c1991
350 _a0
490 _aPlanning (for the Natural and Built Environment)
_v(911) 29 March 1991, 18-19 (2)
520 _aThis summary of Labour party policy on planning includes a third-party appeals rights , a national planning Ministry and a reversal of presumption in favour of development .
650 _aCOMMUNITY PLANNING
690 _aPLANNING LAW AND PRACTICE
942 _n0
948 _c04/03/1997
999 _c29425
_d29425